| 000 | 00471 a2200181 4500 | ||
|---|---|---|---|
| 005 | 20260407144610.0 | ||
| 008 | 260407b |||||||| |||| 00| 0 eng d | ||
| 020 |
_a9789387760806 _cRs. 1695.00 |
||
| 040 | _aMAIN | ||
| 082 |
_a591 _bT739Z |
||
| 100 | _aTrivedi, P R | ||
| 245 | _aZoology: Useful reference for acadmic exams | ||
| 260 |
_bSatyam Publishers and Distributors _aJaipur _c2025 |
||
| 300 | _a250 | ||
| 650 | _aZoology | ||
| 650 | _aAnimals | ||
| 942 | _cBK | ||
| 999 |
_c395152 _d395152 |
||